[Event "CHN-chB"]
[Site "Qiziwan"]
[Date "2023.02.02"]
[Round "7"]
[White "Cai, Lin"]
[Black "Zhang, Xujia"]
[Result "1-0"]
[WhiteElo "1989"]
[BlackElo "1204"]
[PlyCount "101"]
[EventDate "2023.01.30"]
[EventType "swiss"]
[EventRounds "11"]
[EventCountry "CHN"]
[SourceTitle "CBM 212 Extra"]
[Source "ChessBase"]
[SourceDate "2023.03.31"]
[SourceVersion "1"]
[SourceVersionDate "2023.03.31"]
[SourceQuality "1"]

1. e4 c5 2. g3 Nc6 3. Bg2 g6 4. Ne2 Bg7 5. c3 e5 6. d3 Nge7 7. 0-0 0-0 8. Be3 d6 9. Na3 Be6 10. Nc2 Rc8 11. Qd2 Qd7 12. Rfd1 Rfd8 13. Bh6 d5 14. Bxg7 Kxg7 15. Qe1 Qe8 16. f4 dxe4 17. dxe4 Rxd1 18. Rxd1 Rd8 19. b3 Rxd1 20. Qxd1 Qd7 21. Qxd7 Bxd7 22. Nc1 b6 23. Nd3 exf4 24. gxf4 f5 25. e5 Be6 26. Ne3 h6 27. h4 Nb8 28. Kf2 Na6 29. Nc1 b5 30. Nd3 c4 31. bxc4 bxc4 32. Nb2 Nc5 33. Ned1 Nd5 34. Bxd5 Bxd5 35. Ke3 Nd3 36. Nxd3 cxd3 37. a3 g5 38. fxg5 hxg5 39. hxg5 Kg6 40. Nf2 Kxg5 41. Nxd3 Bb3 42. Nc5 f4+ 43. Kd4 Bf7 44. e6 Bh5 45. Ke5 f3 46. Ne4+ Kh4 47. c4 Kh3 48. c5 Kg2 49. c6 f2 50. Nxf2 Kxf2 51. c7 1-0

[Event "China zt 3.5"]
[Site "Shaoxing"]
[Date "2021.05.30"]
[Round "8"]
[White "Zhang, Qianyi"]
[Black "Cai, Lin"]
[Result "1-0"]
[WhiteElo "1000"]
[BlackElo "2021"]
[PlyCount "89"]
[EventDate "2021.05.23"]
[EventType "swiss"]
[EventRounds "9"]
[EventCountry "CHN"]
[SourceTitle "CBM 202 Extra"]
[Source "ChessBase"]
[SourceDate "2021.07.31"]
[SourceVersion "1"]
[SourceVersionDate "2021.07.31"]
[SourceQuality "1"]

1. e4 c6 2. d4 d5 3. Nc3 dxe4 4. Nxe4 Nf6 5. Nxf6+ exf6 6. c3 Bd6 7. Bd3 0-0 8. Qc2 Re8+ 9. Ne2 h5 10. 0-0 h4 11. h3 Nd7 12. Bf4 Rxe2 13. Qxe2 Bxf4 14. Qe4 Nf8 15. Qxf4 g5 16. Qd2 Be6 17. f4 Kg7 18. f5 Bd7 19. Bc4 a5 20. a4 Qc7 21. Rae1 Qd6 22. Qd3 Nh7 23. Qf3 Rf8 24. Re3 b5 25. axb5 cxb5 26. Qd5 Qb6 27. Ba2 Bc6 28. Qc5 Qa6 29. Re7 Qa8 30. d5 Bb7 31. Rfe1 g4 32. Rc7 Ng5 33. Ree7 Bc8 34. hxg4 h3 35. Qb6 Bxf5 36. gxf5 hxg2 37. Kxg2 Rh8 38. Qa7 Qg8 39. d6 Rh4 40. Rxf7+ Nxf7 41. Bxf7 Qf8 42. Bg6+ Kg8 43. Rg7+ Qxg7 44. Qxg7+ Kxg7 45. d7 1-0

[Event "China zt 3.5"]
[Site "Shaoxing"]
[Date "2021.05.23"]
[Round "1"]
[White "Cai, Lin"]
[Black "Zhao, Yuanhe"]
[Result "0-1"]
[WhiteElo "2021"]
[BlackElo "2459"]
[PlyCount "144"]
[EventDate "2021.05.23"]
[EventType "swiss"]
[EventRounds "9"]
[EventCountry "CHN"]
[SourceTitle "CBM 202 Extra"]
[Source "ChessBase"]
[SourceDate "2021.07.31"]
[SourceVersion "1"]
[SourceVersionDate "2021.07.31"]
[SourceQuality "1"]

1. e4 c5 2. Nf3 Nc6 3. c3 Nf6 4. Bd3 g6 5. 0-0 Bg7 6. Bc2 0-0 7. d4 cxd4 8. cxd4 d5 9. e5 Ne4 10. Nc3 Bf5 11. Re1 Nxc3 12. bxc3 Bxc2 13. Qxc2 Rc8 14. Qd3 Qd7 15. h4 Nd8 16. h5 Ne6 17. g3 Qa4 18. Bd2 Rc6 19. Nh4 Rfc8 20. Reb1 Nd8 21. Kg2 Ra6 22. Rh1 Qc4 23. Qf3 Rxa2 24. Rxa2 Qxa2 25. hxg6 hxg6 26. Nf5 gxf5 27. Qxf5 Rc6 28. Qh7+ Kf8 29. Bh6 Rxh6 30. Rxh6 Ne6 31. Rh4 Qe2 32. Qb1 b6 33. Rh1 Nc7 34. Re1 Qc4 35. Qf5 e6 36. Qg5 Ne8 37. Ra1 a5 38. Rb1 b5 39. Qd8 Bxe5 40. Qxa5 Bc7 41. Qxb5 Qxc3 42. Qa4 Nd6 43. Rb3 Qc4 44. Rb4 Qe2 45. Qc6 Nf5 46. Rb3 Bd6 47. Qc8+ Kg7 48. Qc1 Qg4 49. Qc3 Qe4+ 50. Qf3 Qxf3+ 51. Rxf3 Nxd4 52. Rd3 Nf5 53. Kf3 Kf6 54. Rd1 Ne7 55. Rh1 e5 56. Rh6+ Ng6 57. Ke3 Ke6 58. f3 Bf8 59. Rh1 f5 60. Ra1 Bc5+ 61. Ke2 e4 62. Ra6+ Bd6 63. Ke3 Ne5 64. g4 f4+ 65. Kxf4 Nxf3+ 66. Ke3 Ke5 67. Ra5 Be7 68. Rb5 Bg5+ 69. Kf2 Nd4 70. Ra5 e3+ 71. Kg3 e2 72. Ra1 Nc2 0-1

[Event "Belt and Road Hunan op-B"]
[Site "Changsha"]
[Date "2019.08.01"]
[Round "6"]
[White "Cai, Lin"]
[Black "Yu, Lie"]
[Result "0-1"]
[WhiteElo "2012"]
[BlackElo "2316"]
[PlyCount "116"]
[EventDate "2019.07.29"]
[EventType "swiss"]
[EventRounds "9"]
[EventCountry "CHN"]
[SourceTitle "EXT 2020"]
[Source "ChessBase"]
[SourceDate "2019.10.17"]
[SourceVersion "1"]
[SourceVersionDate "2019.10.17"]
[SourceQuality "1"]

1. e4 d6 2. d4 g6 3. Nc3 Bg7 4. Nf3 Nf6 5. Be2 0-0 6. 0-0 c6 7. Bg5 h6 8. Bf4 Nbd7 9. Qd2 Kh7 10. Rad1 b5 11. e5 Ne8 12. h4 Nb6 13. h5 Bf5 14. Nh4 dxe5 15. dxe5 Qxd2 16. Rxd2 b4 17. Nd1 Be4 18. f3 g5 19. Bh2 Bd5 20. Bd3+ Kg8 21. Nf5 e6 22. Nfe3 a5 23. b3 f6 24. Nb2 Nd7 25. Nec4 fxe5 26. Bg6 Nef6 27. Re1 g4 28. Na4 gxf3 29. gxf3 Bxf3 30. Bxe5 Nxe5 31. Nxe5 Bxh5 32. Bxh5 Nxh5 33. Nxc6 Nf4 34. Kh2 Bf6 35. Re4 Bg5 36. Nc5 Rf5 37. Ne5 Ng6 38. Nxg6 Bxd2 39. Ne7+ Kf7 40. Nxf5 exf5 41. Rd4 Be3 42. Rd7+ Kf6 43. Rd6+ Kg5 44. Ne6+ Kg4 45. Rd3 f4 46. c4 bxc3 47. Rxc3 Ra6 48. Nc7 Rd6 49. Rc2 Kf3 50. a3 Rg6 51. b4 Rg5 52. Kh1 a4 53. Ne6 Rh5+ 54. Rh2 Rxh2+ 55. Kxh2 Ke2 56. Nc5 f3 57. Ne4 Bf4+ 58. Kg1 f2+ 0-1

[Event "Belt and Road Hunan op-B"]
[Site "Changsha"]
[Date "2019.07.29"]
[Round "1"]
[White "Bayarmandakh, Balgan"]
[Black "Cai, Lin"]
[Result "0-1"]
[WhiteElo "2219"]
[BlackElo "2012"]
[PlyCount "88"]
[EventDate "2019.07.29"]
[EventType "swiss"]
[EventRounds "9"]
[EventCountry "CHN"]
[SourceTitle "EXT 2020"]
[Source "ChessBase"]
[SourceDate "2019.10.17"]
[SourceVersion "1"]
[SourceVersionDate "2019.10.17"]
[SourceQuality "1"]

1. d4 f5 2. c4 Nf6 3. g3 e6 4. Bg2 c6 5. Nf3 d5 6. 0-0 Bd6 7. b3 Qe7 8. Bb2 0-0 9. Nbd2 Nbd7 10. Ne5 a5 11. a4 Ne4 12. e3 Nxd2 13. Qxd2 Nxe5 14. dxe5 Bc5 15. Rac1 b6 16. Rfd1 Ba6 17. Bf1 Rfd8 18. Qc2 Qf8 19. Be2 Bb7 20. Bf3 Rac8 21. Bd4 Ba6 22. Be2 Bxd4 23. Rxd4 c5 24. Rd2 d4 25. Rcd1 dxe3 26. fxe3 Bb7 27. Rd6 Qe8 28. Rxb6 Bc6 29. Rd2 Qe7 30. Ra6 Qb7 31. Rxc6 Qxc6 32. Qc3 Rxd2 33. Qxd2 Qc7 34. Qc3 Rd8 35. Kf2 Kf7 36. Bf3 Rd7 37. Ke1 Qd8 38. Be2 Qa8 39. Kf2 Qh1 40. h4 Qh2+ 41. Kf3 h6 42. Qxa5 g5 43. Qe1 g4+ 44. Kf4 Rd2 0-1

[Event "CHN-chB"]
[Site "Hangzhou"]
[Date "2019.07.04"]
[Round "5"]
[White "Zhao, Chenxi"]
[Black "Cai, Lin"]
[Result "1/2-1/2"]
[WhiteElo "2400"]
[BlackElo "2012"]
[PlyCount "88"]
[EventDate "2019.07.02"]
[EventType "swiss"]
[EventRounds "11"]
[EventCountry "CHN"]
[SourceTitle "CBM 191 Extra"]
[Source "ChessBase"]
[SourceDate "2019.09.30"]
[SourceVersion "1"]
[SourceVersionDate "2019.09.30"]
[SourceQuality "1"]

1. Nf3 Nf6 2. g3 g6 3. Bg2 Bg7 4. 0-0 0-0 5. c4 d6 6. d4 c6 7. Nc3 Qc7 8. Bg5 h6 9. Bf4 Re8 10. c5 Nh5 11. cxd6 exd6 12. Be3 Na6 13. Rc1 Qe7 14. a3 Nc7 15. Qb3 Kh7 16. Rfe1 Rb8 17. Bd2 Bg4 18. Qa4 Qd7 19. b4 Bxf3 20. Bxf3 Bxd4 21. b5 Bb6 22. bxc6 bxc6 23. Bxc6 Qh3 24. Bg2 Qf5 25. e3 Nf6 26. Rcd1 d5 27. h3 Ne6 28. g4 Qg5 29. Bc1 Nc5 30. Qb5 a6 31. Qb4 Nce4 32. Nxe4 dxe4 33. Qc4 Re7 34. Qxa6 Qe5 35. Bd2 h5 36. Bb4 Re6 37. Qe2 hxg4 38. hxg4 Qg5 39. Bd6 Rxd6 40. Rxd6 Nxg4 41. Red1 Nxe3 42. fxe3 Bxe3+ 43. Kf1 Qf4+ 44. Ke1 Qg3+ 1/2-1/2

[Event "CHN-chB"]
[Site "Jiangmen"]
[Date "2018.07.20"]
[Round "6"]
[White "Xu, Hanbing"]
[Black "Cai, Lin"]
[Result "1-0"]
[WhiteElo "2300"]
[BlackElo "2056"]
[PlyCount "89"]
[EventDate "2018.07.18"]
[EventType "swiss"]
[EventRounds "11"]
[EventCountry "CHN"]
[SourceTitle "CBM 185 Extra"]
[Source "ChessBase"]
[SourceDate "2018.07.29"]
[SourceVersion "1"]
[SourceVersionDate "2018.07.29"]
[SourceQuality "1"]

1. d4 Nf6 2. c4 e5 3. dxe5 Ng4 4. Nh3 Nxe5 5. e3 Bb4+ 6. Bd2 Bxd2+ 7. Qxd2 d6 8. Nf4 Ng6 9. Qd4 Nxf4 10. Qxf4 Nc6 11. Nc3 Be6 12. Be2 0-0 13. 0-0 Ne7 14. Rfd1 Ng6 15. Qd4 a6 16. Rac1 Qg5 17. g3 Rfd8 18. b3 Qa5 19. Rc2 c6 20. Ne4 Bf5 21. Rcd2 Bxe4 22. Qxe4 Nf8 23. Bg4 g6 24. Qe7 f5 25. Bf3 Rd7 26. Qf6 Rad8 27. h4 Rf7 28. Qb2 Qc7 29. b4 Rfd7 30. Qc3 Ne6 31. a3 Ng7 32. Rd3 Ne8 33. Kg2 Rg7 34. Qd4 a5 35. b5 c5 36. Qc3 Qb6 37. h5 h6 38. Bd5+ Kh7 39. hxg6+ Kxg6 40. e4 fxe4 41. Bxe4+ Kf7 42. Rf3+ Ke7 43. Bf5 Rd7 44. Re1+ Kd8 45. Rxe8+ 1-0

[Event "CHN-chT2"]
[Site "Jiangmen"]
[Date "2018.07.13"]
[Round "6.2"]
[White "Cai, Lin"]
[Black "Chen, Fan"]
[Result "0-1"]
[WhiteElo "2056"]
[BlackElo "2367"]
[PlyCount "54"]
[EventDate "2018.07.10"]
[EventType "team-swiss"]
[EventRounds "11"]
[EventCountry "CHN"]
[SourceTitle "EXT 2019"]
[Source "ChessBase"]
[SourceDate "2018.10.10"]
[SourceVersion "1"]
[SourceVersionDate "2018.10.10"]
[SourceQuality "1"]
[WhiteTeam "Hangzhou Chess School"]
[BlackTeam "Chongqing Kowloon Kylin"]
[WhiteTeamCountry "CHN"]
[BlackTeamCountry "CHN"]

1. e4 c5 2. Nf3 d6 3. c3 Nf6 4. h3 g6 5. Bd3 Bg7 6. Bc2 0-0 7. d4 cxd4 8. cxd4 d5 9. e5 Ne4 10. 0-0 Nc6 11. Re1 Bf5 12. Be3 Rc8 13. g4 Be6 14. Bxe4 dxe4 15. Ng5 Bd5 16. Nc3 Nb4 17. Re2 Bc6 18. Qb3 Nd5 19. Ngxe4 b6 20. Rc2 Qd7 21. Kh2 Ba8 22. Ng3 Qb7 23. Nce4 Rxc2 24. Qxc2 f5 25. gxf5 gxf5 26. Ng5 h6 27. Ne6 Nb4 0-1

[Event "Longtou Cup 1st"]
[Site "Qinhuangdao"]
[Date "2018.06.03"]
[Round "8"]
[White "Zhao, Chenxi"]
[Black "Cai, Lin"]
[Result "1-0"]
[WhiteElo "2300"]
[BlackElo "2069"]
[PlyCount "97"]
[EventDate "2018.05.26"]
[EventType "swiss"]
[EventRounds "9"]
[EventCountry "CHN"]
[SourceTitle "CBM 184 Extra"]
[Source "ChessBase"]
[SourceDate "2018.06.28"]
[SourceVersion "1"]
[SourceVersionDate "2018.06.28"]
[SourceQuality "1"]

1. e4 e5 2. Nf3 Nf6 3. Nc3 Bb4 4. Bc4 0-0 5. 0-0 Bxc3 6. dxc3 d6 7. Qe2 Bg4 8. h3 Bh5 9. Qe3 Bg6 10. Nd2 Nbd7 11. b4 Kh8 12. Be2 d5 13. c4 d4 14. Qf3 a5 15. b5 Nc5 16. Bd3 a4 17. Ba3 Nfd7 18. Rae1 Qg5 19. Bb4 a3 20. Nb1 Ra4 21. Bd2 Qe7 22. Qe2 Rfa8 23. Bc1 Nf6 24. f3 Nfd7 25. Nd2 f6 26. Nb3 Bf7 27. f4 Bg8 28. fxe5 Nxe5 29. Nxd4 Nxc4 30. Nf5 Qf7 31. Bxc4 Rxc4 32. e5 Re4 33. Qf2 b6 34. Rxe4 Nxe4 35. Qf3 Ra4 36. Re1 Qxa2 37. Rxe4 Rxe4 38. exf6 Re1+ 39. Kh2 gxf6 40. Qg3 Qf7 41. Qxe1 Qd7 42. Qe4 Be6 43. Qa8+ Bg8 44. Nh6 Qd6+ 45. g3 Qd5 46. Qxd5 Bxd5 47. Bxa3 Bc4 48. Be7 Kg7 49. Nf5+ 1-0